[Event "FRA-ch rapid"]
[Site "Le Blanc Mesnil"]
[Date "2019.05.30"]
[Round "4"]
[White "Abravanel, Chely"]
[Black "Fedorchuk, Sergey A"]
[Result "0-1"]
[WhiteElo "2284"]
[BlackElo "2620"]
[PlyCount "54"]
[EventDate "2019.05.30"]
[EventType "swiss (rapid)"]
[EventRounds "14"]
[EventCountry "FRA"]
[SourceTitle "CBM 190 Extra"]
[Source "ChessBase"]
[SourceDate "2019.07.15"]
[SourceVersion "1"]
[SourceVersionDate "2019.07.15"]
[SourceQuality "1"]

1. e4 c5 2. Nf3 e6 3. c3 d5 4. exd5 Qxd5 5. d4 Nf6 6. Be3 cxd4 7. Qxd4 Nc6 8. Qa4 Bd7 9. Qb5 Bd6 10. Bc4 Qxb5 11. Bxb5 Nd5 12. Bd2 Ke7 13. 0-0 Rhd8 14. Bg5+ f6 15. Bd2 Kf7 16. h3 g5 17. a3 Na5 18. Bxd7 Rxd7 19. Nd4 Bc5 20. Nc2 Nb3 21. Ra2 Nxd2 22. Nxd2 Nxc3 23. bxc3 Rxd2 24. Rb2 b6 25. a4 Rad8 26. a5 Re2 27. axb6 Bxb6 0-1

[Event "FRA-chT1B 0708"]
[Site "France"]
[Date "2008.04.05"]
[Round "10.5"]
[White "Larrat, Philippe"]
[Black "Abravanel, Chely"]
[Result "1/2-1/2"]
[WhiteElo "2195"]
[BlackElo "2337"]
[PlyCount "71"]
[EventDate "2007.10.21"]
[EventType "team-tourn"]
[EventRounds "11"]
[EventCountry "FRA"]
[SourceTitle "EXT 2009"]
[Source "ChessBase"]
[SourceDate "2008.11.26"]
[SourceVersion "1"]
[SourceVersionDate "2008.11.26"]
[SourceQuality "1"]
[WhiteTeam "Creteil"]
[BlackTeam "Grasse"]
[WhiteTeamCountry "FRA"]
[BlackTeamCountry "FRA"]

1. e4 c6 2. Nc3 d5 3. Nf3 Bg4 4. h3 Bxf3 5. Qxf3 e6 6. d4 Nf6 7. Bd3 dxe4 8. Nxe4 Nxe4 9. Qxe4 Qd5 10. c4 Bb4+ 11. Ke2 Qxe4+ 12. Bxe4 Nd7 13. a3 Be7 14. b3 Bf6 15. Bb2 0-0 16. Rab1 Rfd8 17. Rhd1 Rac8 18. Bc1 Nb6 19. Be3 Rd7 20. a4 Rcd8 21. a5 Nc8 22. a6 Nd6 23. Bf3 Rc8 24. axb7 Rxb7 25. Bf4 Nf5 26. Be5 Rd7 27. Bxf6 gxf6 28. d5 cxd5 29. cxd5 Rcd8 30. dxe6 Nd4+ 31. Kf1 fxe6 32. Be2 e5 33. Bc4+ Kf8 34. Ra1 Rb8 35. Ra6 Rb6 36. Rda1 1/2-1/2

[Event "FRA-chT1B 0708"]
[Site "France"]
[Date "2008.02.10"]
[Round "7.5"]
[White "Abravanel, Chely"]
[Black "Becht, Lucas"]
[Result "1-0"]
[WhiteElo "2337"]
[BlackElo "2198"]
[PlyCount "99"]
[EventDate "2007.10.21"]
[EventType "team-tourn"]
[EventRounds "11"]
[EventCountry "FRA"]
[SourceTitle "EXT 2009"]
[Source "ChessBase"]
[SourceDate "2008.11.26"]
[SourceVersion "1"]
[SourceVersionDate "2008.11.26"]
[SourceQuality "1"]
[WhiteTeam "Grasse"]
[BlackTeam "Gambsheim"]
[WhiteTeamCountry "FRA"]
[BlackTeamCountry "FRA"]

1. e4 c5 2. Nf3 Nc6 3. Bb5 Nf6 4. Nc3 Qc7 5. 0-0 Nd4 6. Bc4 e6 7. d3 a6 8. Nxd4 cxd4 9. Ne2 Nxe4 10. Nxd4 Nf6 11. a4 b6 12. Qf3 Bb7 13. Bf4 Qc8 14. Qh3 Bc5 15. c3 0-0 16. Rfe1 Bd5 17. Be5 Bxc4 18. dxc4 Be7 19. b3 d6 20. Bf4 Re8 21. Bg5 Qc5 22. Be3 Qc7 23. Qg3 Rac8 24. Bh6 Bf8 25. Bg5 Be7 26. Rad1 Kh8 27. h3 h6 28. Bd2 Qb7 29. Qd3 Red8 30. Qe2 d5 31. Qf3 Rd7 32. cxd5 Qxd5 33. Qe2 Bc5 34. Qxa6 Ra8 35. Qb5 Bxd4 36. Qxd5 Bxf2+ 37. Kxf2 Rxd5 38. Ke2 Rad8 39. c4 Re5+ 40. Be3 Rxd1 41. Rxd1 Ne4 42. Rd8+ Kh7 43. Bd4 Rg5 44. Bxb6 Rg3 45. b4 Rb3 46. a5 Rxb4 47. c5 Ra4 48. c6 Nc3+ 49. Kd3 Nd5 50. c7 1-0

[Event "FRA-chT2 North 0607"]
[Site "France"]
[Date "2006.12.10"]
[Round "4.5"]
[White "Abravanel, Chely"]
[Black "Bacon, Nicolas"]
[Result "1/2-1/2"]
[WhiteElo "2329"]
[BlackElo "2190"]
[PlyCount "98"]
[EventDate "2006.10.15"]
[EventType "team-tourn"]
[EventRounds "11"]
[EventCountry "FRA"]
[SourceTitle "EXT 2008"]
[Source "ChessBase"]
[SourceDate "2007.11.25"]
[SourceVersion "1"]
[SourceVersionDate "2007.11.25"]
[SourceQuality "1"]
[WhiteTeam "Chalons en Champagne"]
[BlackTeam "Gonfreville II"]
[WhiteTeamCountry "FRA"]
[BlackTeamCountry "FRA"]

1. e4 c5 2. Nf3 e6 3. Nc3 Nc6 4. Bb5 Nge7 5. 0-0 Qc7 6. Re1 a6 7. Bf1 Ng6 8. d3 Be7 9. g3 b5 10. Bg2 Bb7 11. a4 b4 12. Ne2 Rc8 13. h4 e5 14. c3 a5 15. Nh2 Ba6 16. c4 Nf8 17. Ng4 Bb7 18. Ne3 Ne6 19. Nd5 Qd8 20. Be3 Ncd4 21. Bxd4 Nxd4 22. Nxd4 cxd4 23. Qh5 Bxd5 24. exd5 d6 25. Be4 g6 26. Qh6 Bf8 27. Qd2 Bg7 28. h5 f5 29. Bf3 Qf6 30. Rac1 Rc5 31. Kg2 g5 32. g4 0-0 33. Qe2 h6 34. Rc2 f4 35. b3 Bh8 36. Be4 Bg7 37. Bf5 Kh8 38. Qe4 Qf7 39. Kf3 Qf6 40. Rh1 Qd8 41. Re2 Rf6 42. Rc1 Qf8 43. Kg2 Qd8 44. f3 Qf8 45. Bg6 Qd8 46. Rec2 Rf8 47. Qe2 Qb6 48. Qf2 Rfc8 49. Re2 Qa7 1/2-1/2

[Event "FRA-chT2D 0506"]
[Site "France"]
[Date "2006.04.02"]
[Round "11.3"]
[White "Staeger, Pascal"]
[Black "Abravanel, Chely"]
[Result "1/2-1/2"]
[WhiteElo "2099"]
[BlackElo "2327"]
[PlyCount "40"]
[EventDate "2005.10.27"]
[EventType "team-tourn"]
[EventRounds "11"]
[EventCountry "FRA"]
[SourceTitle "EXT 2006"]
[Source "ChessBase"]
[SourceDate "2005.11.24"]
[SourceVersion "1"]
[SourceVersionDate "2005.11.24"]
[SourceQuality "1"]
[WhiteTeam "Metz Fischer"]
[BlackTeam "Chalon"]
[WhiteTeamCountry "FRA"]
[BlackTeamCountry "FRA"]

1. e4 d5 2. exd5 Nf6 3. Bb5+ Bd7 4. Bxd7+ Qxd7 5. Nf3 Nxd5 6. 0-0 Nc6 7. d4 e6 8. c4 Nb6 9. b3 Be7 10. Nc3 Bf6 11. Be3 Rd8 12. Ne2 0-0 13. Qd2 Qe7 14. Rad1 a5 15. Ng3 g6 16. Rde1 Qb4 17. Qc2 Nxd4 18. Bxd4 Bxd4 19. a3 Bxf2+ 20. Qxf2 Qxb3 1/2-1/2

[Event "FRA-chT2D 0506"]
[Site "France"]
[Date "2006.01.14"]
[Round "5.3"]
[White "Postoev Birkenberg, Alexander"]
[Black "Abravanel, Chely"]
[Result "1-0"]
[WhiteElo "2246"]
[BlackElo "2327"]
[PlyCount "125"]
[EventDate "2005.10.27"]
[EventType "team-tourn"]
[EventRounds "11"]
[EventCountry "FRA"]
[SourceTitle "EXT 2006"]
[Source "ChessBase"]
[SourceDate "2005.11.24"]
[SourceVersion "1"]
[SourceVersionDate "2005.11.24"]
[SourceQuality "1"]
[WhiteTeam "Gambsheim"]
[BlackTeam "Chalon"]
[WhiteTeamCountry "FRA"]
[BlackTeamCountry "FRA"]

1. d4 e6 2. c4 c5 3. d5 b5 4. cxb5 a6 5. e4 Nf6 6. Nc3 axb5 7. Bxb5 Qa5 8. Nge2 Nxe4 9. 0-0 Nxc3 10. Nxc3 Ba6 11. dxe6 Bxb5 12. exf7+ Kd8 13. Nxb5 Qxb5 14. Re1 Kc7 15. Re8 d6 16. Qg4 Qd7 17. Qxd7+ Kxd7 18. Bg5 Kc6 19. Be7 Ra7 20. Bxf8 Rxf7 21. Rxb8 Rhxf8 22. Rxf8 Rxf8 23. Re1 Rd8 24. a3 Rb8 25. Re2 d5 26. Kf1 d4 27. Ke1 Kd5 28. Kd1 d3 29. Re3 Kd4 30. Kc1 Rf8 31. Rf3 Re8 32. Rf4+ Kd5 33. Kd2 Re2+ 34. Kxd3 Rxb2 35. Rf5+ Kd6 36. Rf7 Rb3+ 37. Kc4 Rxa3 38. Rxg7 Ra4+ 39. Kc3 Rh4 40. h3 Kd5 41. Rg5+ Kc6 42. Rg4 Rh5 43. Kc4 Rf5 44. f3 Kd6 45. h4 Rf7 46. f4 Rb7 47. g3 Rb4+ 48. Kc3 Ra4 49. Rg5 Ra3+ 50. Kc4 Ra4+ 51. Kb3 Re4 52. h5 Re7 53. Kc4 Re4+ 54. Kd3 Re7 55. g4 Rf7 56. f5 Ke5 57. Kc4 Kf6 58. Rg8 Rc7 59. h6 Ke5 60. Rg7 Rc6 61. Rxh7 Kf4 62. Rh8 Kxg4 63. Rg8+ 1-0

[Event "FRA-chT2D 0506"]
[Site "France"]
[Date "2005.11.20"]
[Round "3.5"]
[White "Chebance, Benoit"]
[Black "Abravanel, Chely"]
[Result "0-1"]
[WhiteElo "2027"]
[BlackElo "2327"]
[PlyCount "34"]
[EventDate "2005.10.27"]
[EventType "team-tourn"]
[EventRounds "11"]
[EventCountry "FRA"]
[SourceTitle "EXT 2006"]
[Source "ChessBase"]
[SourceDate "2005.11.24"]
[SourceVersion "1"]
[SourceVersionDate "2005.11.24"]
[SourceQuality "1"]
[WhiteTeam "Montrevel en Bresse"]
[BlackTeam "Chalon"]
[WhiteTeamCountry "FRA"]
[BlackTeamCountry "FRA"]

1. e4 c5 2. d4 cxd4 3. c3 e5 4. cxd4 exd4 5. Nf3 Nc6 6. Nxd4 Bb4+ 7. Bd2 Qe7 8. Nxc6 Qxe4+ 9. Be2 dxc6 10. 0-0 Nf6 11. Bf3 Qe7 12. Qa4 Bxd2 13. Nxd2 0-0 14. Rfe1 Be6 15. Qh4 Rfe8 16. Nb3 Rad8 17. Qa4 Bxb3 0-1

[Event "FRA-chT2 0405"]
[Site "France"]
[Date "2004.10.10"]
[Round "1.1"]
[White "Abravanel, Chely"]
[Black "Sarakauskas, Gediminas"]
[Result "1/2-1/2"]
[WhiteElo "2334"]
[BlackElo "2440"]
[PlyCount "68"]
[EventDate "2004.10.10"]
[EventType "team-tourn"]
[EventRounds "11"]
[EventCountry "FRA"]
[SourceTitle "EXT 2006"]
[Source "ChessBase"]
[SourceDate "2005.11.24"]
[SourceVersion "1"]
[SourceVersionDate "2005.11.24"]
[SourceQuality "1"]

1. e4 e5 2. d4 exd4 3. c3 dxc3 4. Nxc3 d6 5. Bc4 Nc6 6. Nf3 Be6 7. Bxe6 fxe6 8. 0-0 Qd7 9. Qb3 0-0-0 10. Rd1 Nh6 11. h3 Be7 12. Be3 Bf6 13. Rac1 Bxc3 14. Qxc3 Nf7 15. b4 Nfe5 16. Nxe5 Nxe5 17. Bxa7 Qc6 18. Qb3 Qxe4 19. Qxe6+ Rd7 20. Rxd6 Qg6 21. Rxd7 Nxd7 22. Qxg6 hxg6 23. Bd4 Nf6 24. Be5 c6 25. b5 Kd7 26. bxc6+ bxc6 27. f4 Ra8 28. Rc2 Ra4 29. Rb2 Ke6 30. Rb6 Kd5 31. Rb7 Nh5 32. Rd7+ Ke4 33. Rd6 g5 34. Rxc6 gxf4 1/2-1/2

[Event "FRA-chT2 0304"]
[Site "France"]
[Date "2003.11.16"]
[Round "3"]
[White "Didier, Quentin"]
[Black "Abravanel, Chely"]
[Result "0-1"]
[WhiteElo "2089"]
[BlackElo "2327"]
[PlyCount "88"]
[EventDate "2003.10.??"]
[EventType "team-tourn"]
[EventRounds "11"]
[EventCountry "FRA"]
[SourceTitle "EXT 2005"]
[Source "ChessBase"]
[SourceDate "2004.11.15"]
[SourceVersion "1"]
[SourceVersionDate "2004.11.15"]
[SourceQuality "1"]
[WhiteTeam "Bischwiller II"]
[BlackTeam "Reims"]
[WhiteTeamCountry "FRA"]
[BlackTeamCountry "FRA"]

1. c4 e5 2. Nc3 Nf6 3. g3 Bc5 4. e3 Nc6 5. Bg2 0-0 6. Nge2 Re8 7. d3 Bf8 8. 0-0 d6 9. a3 Be6 10. Nd5 g6 11. b4 a6 12. Bb2 Bg7 13. Qb3 Qd7 14. a4 Rab8 15. b5 Ne7 16. b6 Bxd5 17. bxc7 Bxg2 18. cxb8Q Bf3 19. Q8xb7 Bxb7 20. f3 Bc6 21. e4 Qa7+ 22. Kg2 Nd7 23. Ba3 Nc5 24. Bxc5 Qxc5 25. Nc3 Bd7 26. Nd5 Nxd5 27. cxd5 Bh6 28. Rab1 Be3 29. Rb2 Rc8 30. Qb7 Qc2+ 31. Rf2 Qxa4 32. Rb4 Qc2 33. Rb2 Qc7 34. Qxc7 Rxc7 35. Rfe2 Bd4 36. Rb8+ Kg7 37. Ra8 Bb5 38. Rd8 Kf6 39. Rd2 Ke7 40. Rh8 h5 41. g4 hxg4 42. fxg4 Rc5 43. Rh3 a5 44. Rf3 g5 0-1

[Event "FRA-chT2 0304"]
[Site "France"]
[Date "2003.11.15"]
[Round "2"]
[White "Abravanel, Chely"]
[Black "Gautier, Serge"]
[Result "1-0"]
[WhiteElo "2327"]
[BlackElo "2110"]
[PlyCount "135"]
[EventDate "2003.10.??"]
[EventType "team-tourn"]
[EventRounds "11"]
[EventCountry "FRA"]
[SourceTitle "EXT 2005"]
[Source "ChessBase"]
[SourceDate "2004.11.15"]
[SourceVersion "1"]
[SourceVersionDate "2004.11.15"]
[SourceQuality "1"]
[WhiteTeam "Reims"]
[BlackTeam "Saint Mande"]
[WhiteTeamCountry "FRA"]
[BlackTeamCountry "FRA"]

1. e4 c5 2. Nf3 Nc6 3. Bb5 g6 4. 0-0 Bg7 5. c3 d6 6. h3 Bd7 7. Re1 Nf6 8. d4 cxd4 9. cxd4 0-0 10. Nc3 a6 11. Bf1 Rc8 12. Bg5 h6 13. Be3 Kh7 14. Rc1 b5 15. Bf4 b4 16. Nd5 Nxd5 17. exd5 Nb8 18. Rxc8 Bxc8 19. Qb3 a5 20. a3 Na6 21. Bd2 Bf6 22. Qe3 Rh8 23. Qxh6+ Kg8 24. Qe3 Nc7 25. Bc4 Bb7 26. axb4 axb4 27. Qb3 Qa8 28. Qxb4 Nxd5 29. Qb3 Kg7 30. Be2 Rb8 31. Qd3 Bc6 32. Bc1 Qb7 33. Qd2 Rh8 34. Bf1 Nb4 35. Nh2 Na2 36. Ng4 Nxc1 37. Rxc1 Bd5 38. Nxf6 Kxf6 39. b4 Rb8 40. b5 Rc8 41. Rxc8 Qxc8 42. Qf4+ Kg7 43. Qg5 Bc4 44. Qc1 d5 45. b6 Qb7 46. Qb2 Bxf1 47. Kxf1 Kf6 48. Qb5 Ke6 49. g4 g5 50. Kg2 Kd6 51. Qc5+ Kd7 52. f4 f6 53. fxg5 fxg5 54. h4 gxh4 55. Kh3 Ke6 56. Qc7 Qa6 57. Qe5+ Kf7 58. Qxd5+ Kg6 59. Qe6+ Kg5 60. Qxe7+ Kf4 61. Qf6+ Ke4 62. Kxh4 Qa2 63. Qe5+ Kf3 64. Qg3+ Ke4 65. b7 Qg8 66. Qe5+ Kf3 67. Qf5+ Ke3 68. Qg5+ 1-0

[Event "Corsica Masters op"]
[Site "Bastia"]
[Date "2003.10.30"]
[Round "5"]
[White "Abravanel, Chely"]
[Black "Van Wely, Loek"]
[Result "0-1"]
[WhiteElo "2327"]
[BlackElo "2654"]
[PlyCount "98"]
[EventDate "2003.10.29"]
[EventType "swiss (rapid)"]
[EventRounds "9"]
[EventCountry "FRA"]
[SourceTitle "EXT 2004"]
[Source "ChessBase"]
[SourceDate "2003.11.25"]
[SourceVersion "1"]
[SourceVersionDate "2003.11.25"]
[SourceQuality "1"]

1. e4 c5 2. Nf3 d6 3. c3 Nf6 4. h3 Nc6 5. d3 g6 6. Be2 Bg7 7. 0-0 0-0 8. Be3 e5 9. Qc1 Re8 10. Nbd2 b6 11. c4 Nh5 12. Re1 Nf4 13. Bf1 Ne6 14. Nb1 f5 15. exf5 gxf5 16. Nc3 Bb7 17. g3 Ncd4 18. Bxd4 cxd4 19. Nd5 b5 20. b3 bxc4 21. bxc4 Nc5 22. Qd1 Bxd5 23. cxd5 Qf6 24. Nh4 e4 25. Qh5 Rf8 26. Ng2 Bh6 27. Rad1 Rae8 28. Kh2 Kg7 29. Nh4 Qg5 30. Qxg5+ Bxg5 31. Ng2 Rb8 32. h4 Bh6 33. Kg1 Rb2 34. Re2 Rb4 35. Rc2 a5 36. Be2 a4 37. Ne1 a3 38. g4 fxg4 39. dxe4 g3 40. f3 Rb2 41. Kg2 Be3 42. Kxg3 Kf6 43. Kh3 Rg8 44. Bd3 Rg1 45. e5+ Kxe5 46. Bxh7 Kf6 47. Rxb2 axb2 48. Rb1 d3 49. Rxb2 Rxe1 0-1

[Event "FRA-chT"]
[Site "France"]
[Date "1994.??.??"]
[Round "?"]
[White "Abravanel, Chely"]
[Black "Chabanon, Jean Luc"]
[Result "0-1"]
[WhiteElo "2325"]
[BlackElo "2390"]
[PlyCount "74"]
[EventDate "1994.??.??"]
[EventType "team-tourn"]
[EventRounds "11"]
[EventCountry "FRA"]
[SourceTitle "TD"]
[Source "ChessBase"]
[SourceDate "1994.03.01"]
[SourceVersion "1"]
[SourceVersionDate "1994.03.01"]
[SourceQuality "1"]

1. e4 d6 2. d4 Nf6 3. Bd3 e5 4. c3 Nc6 5. Nf3 Bg4 6. d5 Ne7 7. h3 Bh5 8. g4 Bg6 9. Nh4 c6 10. dxc6 Nxc6 11. Nxg6 hxg6 12. c4 Be7 13. Nc3 Nh7 14. Be3 Bg5 15. Qd2 Bxe3 16. Qxe3 Qg5 17. Nd5 Rc8 18. 0-0-0 Qxe3+ 19. fxe3 Na5 20. b3 b5 21. Kb1 bxc4 22. Rc1 Kd7 23. Bf1 Nf6 24. Nxf6+ gxf6 25. bxc4 g5 26. Rh2 Rb8+ 27. Ka1 Nb7 28. Rf2 Ke7 29. Bg2 Nc5 30. Rcf1 Rh6 31. Rd1 Rb6 32. Rfd2 Rh8 33. Rf2 Rhb8 34. Rdf1 Ra6 35. Rd1 Nb3+ 36. Kb2 Nd2+ 37. Kc3 Nb1+ 0-1

[Event "FRA-chT"]
[Site "France"]
[Date "1994.??.??"]
[Round "3"]
[White "Abravanel, Chely"]
[Black "Degraeve, Jean Marc"]
[Result "1/2-1/2"]
[WhiteElo "2325"]
[BlackElo "2480"]
[PlyCount "140"]
[EventDate "1994.??.??"]
[EventType "team-tourn"]
[EventRounds "11"]
[EventCountry "FRA"]
[SourceTitle "EXT 1999"]
[Source "ChessBase"]
[SourceDate "1998.11.16"]
[SourceVersion "1"]
[SourceVersionDate "1998.11.16"]
[SourceQuality "1"]

1. g3 e5 2. c4 Nc6 3. Bg2 Nf6 4. d3 d5 5. cxd5 Nxd5 6. Nf3 Be7 7. 0-0 0-0 8. Nbd2 Be6 9. Ne4 f6 10. Bd2 Qd7 11. Rc1 Rfd8 12. a3 a5 13. Qc2 Bg4 14. Nc3 Nb6 15. Be3 Kh8 16. Nb5 Nd5 17. Bc5 Bxc5 18. Qxc5 Nce7 19. Nc3 b6 20. Qc4 Nxc3 21. Rxc3 c5 22. Qb3 Rab8 23. Rfc1 Nc6 24. Nd2 Nd4 25. Qd1 Qf7 26. h3 Be6 27. Kh2 Rbc8 28. Nc4 Qa7 29. a4 Bxc4 30. Rxc4 Qf7 31. e3 Nf5 32. Qc2 Ne7 33. Rd1 Nc6 34. Qb3 Qc7 35. Rh4 Nb4 36. Be4 h6 37. Qe6 Qd7 38. Qxd7 Rxd7 39. Bf5 Rcd8 40. Bxd7 Rxd7 41. d4 exd4 42. exd4 Rd5 43. Kg2 Nc6 44. Re4 cxd4 45. Re6 Rc5 46. Rd6 Rc2 47. Rd3 Rc4 48. Rb3 Nb4 49. Rxb6 d3 50. R6xb4 axb4 51. Rxd3 b3 52. Rxb3 Rxa4 53. Rb7 Ra1 54. h4 Ra5 55. b4 Ra3 56. b5 h5 57. Rd7 Rb3 58. Rd5 g6 59. Kf1 Rb2 60. Rd8+ Kg7 61. Rd7+ Kh6 62. Rb7 g5 63. hxg5+ Kxg5 64. Kg2 h4 65. gxh4+ Kxh4 66. b6 Kg5 67. Rb8 Kf4 68. b7 Rb1 69. Rf8 Rxb7 70. Rxf6+ Kg5 1/2-1/2

[Event "FRA-chT"]
[Site "France"]
[Date "1994.??.??"]
[Round "2"]
[White "Abravanel, Chely"]
[Black "Mancini, Mario"]
[Result "1-0"]
[WhiteElo "2325"]
[BlackElo "2305"]
[PlyCount "95"]
[EventDate "1994.??.??"]
[EventType "team-tourn"]
[EventRounds "11"]
[EventCountry "FRA"]
[SourceTitle "EXT 1999"]
[Source "ChessBase"]
[SourceDate "1998.11.16"]
[SourceVersion "1"]
[SourceVersionDate "1998.11.16"]
[SourceQuality "1"]

1. g3 d5 2. Bg2 Nf6 3. c4 c6 4. Qc2 e6 5. Nf3 Be7 6. 0-0 0-0 7. d3 b6 8. Nbd2 Bb7 9. e4 Na6 10. a3 c5 11. Re1 Nc7 12. b3 Nd7 13. Bb2 d4 14. e5 f5 15. exf6 gxf6 16. Qd1 Qe8 17. Qe2 Rb8 18. Nh4 Bxg2 19. Nxg2 Qf7 20. Nf4 Ne5 21. Nf3 Nxf3+ 22. Qxf3 e5 23. Ng2 Bd6 24. Bc1 Ne6 25. Nh4 f5 26. Bh6 Ng7 27. Qc6 Rbd8 28. Nf3 Rfe8 29. Bg5 Rd7 30. Bf6 e4 31. dxe4 fxe4 32. Ng5 Qxf6 33. Qxd7 Qxg5 34. Qxd6 Nh5 35. b4 Nf6 36. bxc5 bxc5 37. Rab1 e3 38. fxe3 dxe3 39. Re2 Ne4 40. Qc6 Re7 41. Rb8+ Kg7 42. Qc8 Nd2 43. Qf8+ Kg6 44. Re8 Re5 45. Qg8+ Kh6 46. Re6+ Rxe6 47. Qxe6+ Qg6 48. Qxe3+ 1-0

[Event "FRA-chT"]
[Site "France"]
[Date "1994.??.??"]
[Round "3"]
[White "Neidhardt, Claus Ulrich"]
[Black "Abravanel, Chely"]
[Result "1-0"]
[WhiteElo "2370"]
[BlackElo "2325"]
[PlyCount "81"]
[EventDate "1994.??.??"]
[EventType "team-tourn"]
[EventRounds "11"]
[EventCountry "FRA"]
[SourceTitle "EXT 1999"]
[Source "ChessBase"]
[SourceDate "1998.11.16"]
[SourceVersion "1"]
[SourceVersionDate "1998.11.16"]
[SourceQuality "1"]

1. d4 Nf6 2. Nf3 e6 3. Bg5 c5 4. e3 Nc6 5. Nbd2 d5 6. c3 Be7 7. Bd3 Qb6 8. Qc2 Bd7 9. 0-0 h6 10. Bh4 Rc8 11. Qb3 Qxb3 12. axb3 cxd4 13. exd4 g5 14. Bg3 Nh5 15. b4 Nxg3 16. hxg3 a6 17. Rfe1 g4 18. Nh2 h5 19. Nb3 Na7 20. Nc5 Bc6 21. Nf1 Rc7 22. Ne3 Nb5 23. f4 h4 24. f5 Bxc5 25. bxc5 Re7 26. gxh4 Rxh4 27. f6 Rd7 28. Kf2 Kd8 29. Kg3 Rh8 30. Nxg4 Kc7 31. Ne5 Rg8+ 32. Kf3 Rdd8 33. g4 Rdf8 34. Rh1 Be8 35. Rh7 Kb8 36. Bxb5 Bxb5 37. Kf4 Be8 38. Rah1 a5 39. g5 a4 40. g6 fxg6 41. Kg5 1-0

[Event "Paris-ch op"]
[Site "Paris"]
[Date "1993.??.??"]
[Round "5"]
[White "Abravanel, Chely"]
[Black "De Sousa, Jose Claude"]
[Result "1/2-1/2"]
[WhiteElo "2345"]
[BlackElo "2275"]
[PlyCount "101"]
[EventDate "1993.04.??"]
[EventType "swiss"]
[EventRounds "9"]
[EventCountry "FRA"]
[SourceTitle "TD"]
[Source "ChessBase"]
[SourceDate "1994.03.01"]
[SourceVersion "1"]
[SourceVersionDate "1994.03.01"]
[SourceQuality "1"]

1. g3 g6 2. Bg2 Bg7 3. d4 d6 4. e4 Nd7 5. Ne2 e5 6. c3 Ngf6 7. 0-0 0-0 8. Nd2 Re8 9. d5 Nf8 10. Nc4 h5 11. h3 N6h7 12. Ne3 h4 13. g4 Ng5 14. Qd3 Nfh7 15. Bd2 Bd7 16. c4 Rf8 17. Rac1 Qe7 18. b4 f5 19. f3 Rf7 20. c5 Raf8 21. c6 bxc6 22. dxc6 Be6 23. Nd5 Bxd5 24. Qxd5 Kh8 25. Be3 Bh6 26. Qd2 Qe6 27. exf5 gxf5 28. f4 Ne4 29. Bxe4 fxe4 30. f5 Bxe3+ 31. Qxe3 Qxa2 32. Nc3 Qb3 33. Qxe4 Ng5 34. Qe3 Rg8 35. b5 Qb4 36. Kh2 Qb2+ 37. Rf2 Qb3 38. Qd3 e4 39. Qd4+ Kh7 40. Kg2 Re8 41. Rb1 Nf3 42. Qe3 Qc4 43. Nxe4 Rxe4 44. Qxf3 Re5 45. Kh2 Qc5 46. Rb3 Qc1 47. Rc3 Qe1 48. Rb3 Qc1 49. Rc3 Qe1 50. Rb3 Qc1 51. Rc3 1/2-1/2

[Event "FRA"]
[Site "France"]
[Date "1993.??.??"]
[Round "?"]
[White "Abravanel, Chely"]
[Black "Koch, Jean Rene"]
[Result "0-1"]
[WhiteElo "2345"]
[BlackElo "2450"]
[PlyCount "128"]
[EventDate "1993.??.??"]
[EventType "team-tourn"]
[EventRounds "11"]
[EventCountry "FRA"]
[SourceTitle "TD"]
[Source "ChessBase"]
[SourceDate "1994.03.01"]
[SourceVersion "1"]
[SourceVersionDate "1994.03.01"]
[SourceQuality "1"]

1. g3 f5 2. Bg2 Nf6 3. d3 e5 4. e4 fxe4 5. dxe4 Bc5 6. Qe2 Nc6 7. c3 d6 8. Be3 Bxe3 9. Qxe3 0-0 10. h3 Be6 11. Nf3 Kh8 12. Nbd2 a5 13. 0-0 a4 14. Ng5 Bg8 15. f4 exf4 16. gxf4 Re8 17. Qd3 Nd7 18. Ngf3 Nc5 19. Qc2 Ne6 20. Ne1 Qh4 21. Nd3 Rf8 22. f5 Ng5 23. Kh2 Ne5 24. Rf4 Qh6 25. Raf1 b5 26. a3 Rae8 27. Nxe5 dxe5 28. Rg4 Rd8 29. Rf2 Rd6 30. c4 Rfd8 31. Nf3 Nxf3+ 32. Rxf3 Bxc4 33. Rfg3 R8d7 34. Qc3 Qf6 35. Qb4 Rd2 36. Rg5 Qd6 37. Qa5 Rxb2 38. h4 Qf8 39. Qc3 Rb3 40. Qxe5 Rxg3 41. Rxg3 Qe7 42. Qf4 Rd4 43. h5 Qd6 44. Qg5 Qf6 45. Qf4 Qd6 46. Qg5 Qe5 47. h6 Rd7 48. Kh3 g6 49. Rf3 c5 50. Qg4 Rd8 51. Qh4 Rg8 52. Qf2 gxf5 53. exf5 Bd5 54. Qxc5 Rxg2 55. Rf4 Rg8 56. Qc1 Qf6 57. Rf2 Be4 58. Qf4 Bd5 59. Qd2 Bc4 60. Qf4 Bb3 61. Rd2 b4 62. axb4 a3 63. Rd6 Qc3+ 64. Kh4 Qe1+ 0-1

[Event "Paris-ch op"]
[Site "Paris"]
[Date "1993.??.??"]
[Round "2"]
[White "Cheymol, Eric"]
[Black "Abravanel, Chely"]
[Result "0-1"]
[WhiteElo "2225"]
[BlackElo "2345"]
[PlyCount "132"]
[EventDate "1993.04.??"]
[EventType "swiss"]
[EventRounds "9"]
[EventCountry "FRA"]
[SourceTitle "TD"]
[Source "ChessBase"]
[SourceDate "1994.03.01"]
[SourceVersion "1"]
[SourceVersionDate "1994.03.01"]
[SourceQuality "1"]

1. e4 d5 2. exd5 Nf6 3. d4 Nxd5 4. c4 Nb6 5. Nc3 g6 6. h3 Bg7 7. Nf3 0-0 8. Be2 Nc6 9. d5 Na5 10. c5 Bxc3+ 11. bxc3 Nxd5 12. Bd2 Nf6 13. Qa4 b6 14. 0-0 Bd7 15. Qh4 bxc5 16. c4 Nc6 17. Bc3 Re8 18. Ng5 Nd4 19. Bxd4 cxd4 20. Qxd4 Bc6 21. Qe3 e5 22. Nf3 Qe7 23. Rab1 Nd7 24. Rb2 Nc5 25. Rd1 Kg7 26. h4 h6 27. Rbb1 Na4 28. c5 Bxf3 29. Bxf3 e4 30. Qd4+ Kg8 31. Be2 Nxc5 32. Rdc1 Ne6 33. Qxe4 Rad8 34. g3 Nd4 35. Qxe7 Rxe7 36. Bc4 c5 37. Rb2 Kg7 38. Kf1 Rd6 39. Re1 Rxe1+ 40. Kxe1 Nf3+ 41. Ke2 Ne5 42. Rc2 g5 43. hxg5 hxg5 44. Bb5 a6 45. Rxc5 Re6 46. Rd5 axb5 47. Rxb5 f6 48. a4 Ra6 49. Rb4 Kf7 50. Ke3 Ke6 51. Rd4 Nd7 52. Re4+ Kf7 53. f4 gxf4+ 54. Rxf4 Nb6 55. Rd4 Rxa4 56. Rd1 Nc4+ 57. Kf3 Ra3+ 58. Kf4 Ne5 59. Rg1 Kg6 60. Rg2 Ra4+ 61. Ke3 Kg5 62. Rg1 f5 63. Rf1 Ra3+ 64. Kd4 Nf3+ 65. Kd5 Kg4 66. Ke6 Ra6+ 0-1

[Event "FRA"]
[Site "France"]
[Date "1993.??.??"]
[Round "?"]
[White "Roos, Louis"]
[Black "Abravanel, Chely"]
[Result "1-0"]
[WhiteElo "2435"]
[BlackElo "2345"]
[PlyCount "67"]
[EventDate "1993.??.??"]
[EventType "team-tourn"]
[EventRounds "11"]
[EventCountry "FRA"]
[SourceTitle "TD"]
[Source "ChessBase"]
[SourceDate "1994.03.01"]
[SourceVersion "1"]
[SourceVersionDate "1994.03.01"]
[SourceQuality "1"]

1. c4 e6 2. Nf3 b6 3. g3 Bb7 4. Bg2 Nf6 5. 0-0 Be7 6. d4 d5 7. cxd5 exd5 8. Nc3 0-0 9. Qc2 Nbd7 10. Rd1 a6 11. Ne5 Re8 12. Qb3 Bd6 13. f4 c6 14. e4 Bxe5 15. dxe5 Nxe4 16. Nxe4 dxe4 17. Bxe4 Qe7 18. Bg2 Rab8 19. Be3 c5 20. Rd6 Bxg2 21. Kxg2 Rb7 22. Rad1 h6 23. Qd3 Nb8 24. Qd5 Kh7 25. h4 a5 26. Bf2 g6 27. f5 h5 28. f6 Qc7 29. Be3 Ra7 30. Qe4 Rg8 31. Qf4 Qb7+ 32. R1d5 g5 33. Qf3 Rg6 34. hxg5 1-0